Hacia una didáctica general dinámica /

Guardado en:
Autor Principal: Nerici, Imideo Giusseppe
Formato: Libro
Publicado: Buenos Aires : Kapelusz, 1969
Materias:
Etiquetas: Agregar Etiqueta
Sin Etiquetas, Sea el primero en etiquetar este registro!
LEADER 00640nam a22002175a 4500
001 CEM.cems007336
005 20060214000000.0
008 130507s1969##################000#0#####d
003 CEMS
082 0 4 |a 371 
100 1 |a Nerici, Imideo Giusseppe 
245 1 0 |a Hacia una didáctica general dinámica / 
260 |a Buenos Aires :  |b Kapelusz,  |c 1969 
300 |a 524 p. 
653 |a Didactica 
653 |a Disciplina escolar 
653 |a Educacion 
653 |a Educacion-fines 
653 |a Educacion-objetivos 
859 |a CEMS  |b BIB. CEMS - 11 de abril  |h 371  |i N356  |p 4383.75  |t Ej.1 
859 |a CEMS  |b BIB. CEMS - 11 de abril  |h 371  |i N356  |p 4384.75  |t Ej.2